| 000 | 00352pab a2200145 454500 | ||
|---|---|---|---|
| 008 | 180718b2017 xxu||||| |||| 00| 0 eng d | ||
| 100 | _aOncu, T. Sabri | ||
| 245 | _aIs 'Islamic finance' Islamic? | ||
| 260 | _c2017 | ||
| 300 | _ap.10-12. | ||
| 362 | _a16 Sep | ||
| 650 | _aIslamic law | ||
| 773 | _aEconomic and Political Weekly | ||
| 909 | _a116119 | ||
| 999 |
_c116113 _d116113 |
||